01629 a2200193 45000010006000000050017000060080041000230030015000640400040000790800105001192450126002240200018003502640050003683000019004185050867004370410008013041000024013128560099013364609320260407155734.0260407a2001 arg spa dAR-UNSa-BCEJYS aAR-UNSa-BCEJYSbspacAR-UNSa-BCEJYS a304.4xAspectos generales de las políticas y prácticas sociales y culturales (política social)10a¿Más y mejor bienestar en las provincias?pensayos sobre economía y gestión de las políticas sociales en Mendoza a987-1024-10-X 1aMendoza :bUniversidad Nacional de Cuyoc2001 a161 p.c26 cm. a1. ¿ Es redistributivo el gasto público provincial en salud en Mendoza? / Fabio M. Bertranou - 2. Análisis del mercado laboral informal en el Gran Mendoza durante los años noventa / Raúl Mercau y Andrea Suoni - 3. ¿ Qué sucedió en el Gran Mendoza con la distribución del ingreso en la década de los noventa? / Sergio Olivieri, Andrea Podestá y Andrea Sánchez - 4. Pobreza: el desafío social del nuevo siglo / Sergio Olivieri, Andrea Podestá y Andrea Sánchez - 5. Exclución social, vulnerabilidad y pobreza en Mendoza / Mónica Iris Calderón e Íris Perlbach de Maradona / Institucionalidad social: el FIDES y la política social de Mendoza / Julián Bertranou - 6. Análisis de incidencia del gasto público en educación en Mendoza / Evelina Bertranou - 7. Desigualdades en salud asociadas al ingreso / Fabio Bertranou -  aspa1 aBertranou, Fabio M.41uhttps://www.biblioeco.unsa.edu.ar/pmb/images/libros/L127337.jpgyImagen de portadaqimage/jpeg